书目信息 |
| 题名: |
UFO与人类文明
|
|
| 作者: | 席永君 编著 | |
| 分册: | ||
| 出版信息: | 成都 四川科学技术出版社 1998.06 |
|
| 页数: | 534页 | |
| 开本: | 32开 | |
| 丛书名: | ||
| 单 册: | ||
| 中图分类: | P-49 | |
| 科图分类: | ||
| 主题词: | 天文学 , 地球科学 | |
| 电子资源: | ||
| ISBN: | 7-5364-3896-6 | |
| 000 | 00565nam0 2200205 45 | |
| 001 | 0011231094 | |
| 005 | 20001123102700.2 | |
| 010 | @a7-5364-3896-6@d28.80元 | |
| 100 | @a20001123d1998 km y0chiy0120 ea | |
| 101 | 0 | @achi |
| 105 | @a z 000yy | |
| 200 | 1 | @aUFO与人类文明@AUFO Yu Ren Lei Wen Ming@f席永君编著@FXi Yong Jun Bian Zhu |
| 210 | @a成都@c四川科学技术出版社@d1998.06 | |
| 215 | @a534页@d32开 | |
| 606 | 0 | @a天文学 |
| 606 | 0 | @a地球科学 |
| 690 | @aP-49@v3 | |
| 701 | 0 | @a席永君@4编著 |
| 801 | @aCN@bPftUser@c20001123 | |
| 905 | @b502003@dP-49@eS:367@f1 | |
| UFO与人类文明/席永君编著.-成都:四川科学技术出版社,1998.06 |
| 534页;32开 |
| ISBN 7-5364-3896-6:28.80元 |
| ● |
| 相关链接 |
|
|
|
正题名:UFO与人类文明
索取号:P-49/S:367
 
预约/预借
| 序号 | 登录号 | 条形码 | 馆藏地/架位号 | 状态 | 备注 |
| 1 | 502003 | 205020038 | 自科库401/401自科库 65排1列2层/ [索取号:P-49/S:367] | 在馆 |